| 000 | 01432nam a2200409 i 4500 | ||
|---|---|---|---|
| 001 | 36220 | ||
| 003 | KOSZ 005 | ||
| 005 | 20240405063115.0 | ||
| 008 | 000425s1999 pl a g 001 0 pol | ||
| 015 | _aPB 2000/7633c | ||
| 020 | _a8371742134 | ||
| 040 |
_aWA N _cWA N _dKOSZ 005/RW |
||
| 080 | _a94(438).082.5-054.65 | ||
| 100 | 1 |
_aŻaroń, Piotr _d(1925-2005). _eAutor |
|
| 245 | 1 | 0 |
_aAgresja Związku Radzieckiego na Polskę 17 września 1939 : _blos jeńców polskich / _cPiotr Żaroń. |
| 250 | _aWydanie 2. | ||
| 260 |
_aToruń : _bWydawnictwo Adam Marszałek, _ccopyright 1999. |
||
| 300 |
_a486 stron, [10] stron tablic : _bilustracje, mapa ; _c21 cm. |
||
| 336 |
_aTekst _btxt _2rdacontent |
||
| 337 |
_aBez urządzenia pośredniczącego _bn _2rdamedia |
||
| 338 |
_aWolumin _bnc _2rdacarrier |
||
| 380 | _aKsiążki. | ||
| 380 | _aPublikacje naukowe | ||
| 504 | _aBibliografia na stronach [463]-472. Indeks. | ||
| 658 | _aHistoria | ||
| 648 | 4 | _a1901-2000 | |
| 651 | 4 | _aPolska | |
| 655 | 4 | _aMonografia | |
| 648 | 4 | _a1939-1945 | |
| 650 | 4 | _aPolacy za granicą | |
| 651 | 4 | _aZSRR | |
| 650 | 4 | _aAgresja ZSRR na Polskę (1939) | |
| 650 | 4 | _aJeńcy wojenni | |
| 710 | 2 |
_aWydawnictwo Adam Marszałek. _4pbl. |
|
| 856 |
_uhttp://koha.tu.koszalin.pl/cgi-bin/koha/opac-detail.pl?biblionumber=36220 _yKatalog online BPK |
||
| 942 |
_2UKD _cKS |
||
| 999 |
_c36220 _d36220 |
||